| 000 | 00389nam a2200169Ia 4500 | ||
|---|---|---|---|
| 008 | 180424s9999 xx 000 0 und d | ||
| 084 | _aT21 I11 | ||
| 100 | _a"Iraiyarasan, P" | ||
| 245 | 0 | _aIthazhaalar Bharathiyar | |
| 250 | _a\\199500TAMGPSX | ||
| 260 | _aNCBH | ||
| 260 | _b1995 | ||
| 260 | _cMadras | ||
| 300 | _a390p | ||
| 500 | _aincludes index and biblioraphy | ||
| 942 | _cBK | ||
| 999 |
_c62116 _d62116 |
||